00330nam a2200133Ia 4500008004100000020001500041041001200056082001600068100001600084245005100100260002500151300000800176650001200184221030s9999 xx 000 0 und d a0749308214 aEnglish a105.23bPea aN. V. Peale 4aThe power of positive thinkingcby N. V. Peale bVermillionaUKc1996 a226 aGeneral